000 00909nam a22003137a 4500
001 BR7906967
003 BR-BrBNA
005 20230928090233.0
007 ta
008 230509b bl.||||| |||| 00| 0 por d
040 _aBR-BrBNA
_bpor
_cBiblioteca Nacional de Agricultura
041 _a(Por)
072 _aE50
090 _ E50 BR7906967
100 1 _aMeirelles, C.E.
100 1 _aRobin, P.
100 1 _aLima, V.E. de
110 1 _aFundacao Jorge Duprat Figueiredo de Seguranca e Medicina do Trabalho, Sao Paulo, SP (Brasil)
_94980
245 1 _aPrevencao de acidentes na agricultura
260 3 _aSao Paulo, SP (Brasil):
_c[nd].
300 _a5 p.
500 _a15 ref.; Summary (Por); Published 1979?
650 _aSOCIOLOGIA RURAL
650 _aTRABALHADOR RURAL
650 _aAGRICULTURA
650 _aPREVENCAO DE ACIDENTE
909 _a202309
_bLucia
_c55
_dLucia Elande
942 _cBK
999 _c28139
_d28139